000 01717naa a22003857a 4500
001 BR8708391
003 BR-BrBNA
005 20250721154544.0
007 ta
008 250630b bl.|||m| |||| 00| 0 por d
040 _aBR-BrBNA
_bpor
_cBiblioteca Nacional de Agricultura
041 _a(Pt)
072 _aF30; F01
_b0180
_bG514
090 _aF30 BR8708391
100 1 _aSousa, C.N.A. de
100 1 _aDel Duca, L. de J.A.
100 1 _aGomes, E.P.
100 1 _aLanger, F.A.
100 1 _aMedeiros, M.C.
100 1 _aMoreira, J.C.
100 1 _aScheeren, P.L.
111 1 _a14. Reuniao Nacional de Pesquisa de Trigo
_cLondrina, PR (Brazil)
_d21-25 Jul 1986
245 1 _aResultados obtidos atraves do projeto de criacao de cultivares de trigo em Passo Fundo, Rio Grande do Sul
246 1 _a[Results obtained through wheat cultivars project at Passo Fundo, Rio Grande do Sul]
246 1 _a[Results of research of the Centro Nacional de Pesquisa de Trigo presented at the 14. Wheat Research National Reunion]
500 _aResultados de Pesquisa do Centro Nacional de Pesquisa de Trigo apresentados na 14. Reuniao Nacional de Pesquisa de Trigo Passo Fundo, RS (Brasil): 1986. p. 69-89 [10 tables; Summary (Pt)] (BR8708391-AMS)
773 0 _tResultados de Pesquisa do Centro Nacional de Pesquisa de Trigo apresentados na 14. Reuniao Nacional de Pesquisa de Trigo
_wF30 BR8708391
_gPasso Fundo, RS (Brasil), 1986. p. 69-89
650 _aTRIGO
650 _aVARIEDADE
650 _aRENDIMENTO
650 _aRIO GRANDE DO SUL
490 _aDocumentos - Centro Nacional de Pesquisa de Trigo (Brazil)
_vno. 8
_xISSN 0101-6644
942 _cAMS
_2AGRIS
909 _a202506
_bLúcia
_c55
_dLúcia Elande
999 _c335614
_d335614